000 00753nam a22002537a 4500
001 000418
003 DO-SdBNP
005 20180130095413.0
007 000418
008 160725b 1989 cu ||||| |||| 00| 0 spa d
040 _aBPMSU
_bspa
_cBPMSU
092 _axxxxxx
_bxxxxxx
100 1 _aKnigt, Eric
245 1 0 _aLassie vuelve al hogar /
_cEric Knigt ; prólogo Waldo González López.
250 _a 2ª ed
260 _aLa Habana :
_bGente Nueva,
_c1989.
300 _a235 p. ;
_b18 cm.
490 1 _aAventuras ;
_aBiblioteca juvenil
700 1 _aGonzález López, Waldo,
_epról.
830 0 _aAventuras ;
_aBiblioteca juvenil.
942 _2ddc
_cBK
945 _aInventariado, 2018 / BT
956 _2LOPEREZ
_310
_620160725
_8BPMSU
_a00041
999 _c11019
_d11019